header

Radical equations (Record no. 1668)

MARC details
000 -LEADER
fixed length control field 01739nam a2200409 a 4500
082 04 - DEWEY DECIMAL CLASSIFICATION NUMBER
Classification number 512/.071/073
100 1# - MAIN ENTRY--AUTHOR NAME
Personal name Moses, Robert Parris.
245 10 - TITLE STATEMENT
Title Radical equations
260 ## - PUBLICATION, DISTRIBUTION, ETC. (IMPRINT)
Place of publication Boston :
Name of publisher Beacon Press,
Year of publication c2001.
300 ## - PHYSICAL DESCRIPTION
Number of Pages xv, 233 p. :
Other physical details ill.
500 ## - GENERAL NOTE
General note Includes index.
650 #0 - SUBJECT ADDED ENTRY--TOPICAL TERM
Topical Term Minorities
Topical Term Minorities
Topical Term Algebra
Topical Term Mathematics
Topical Term Literacy
Topical Term Social justice
Topical Term African Americans
Topical Term Civil rights movements
700 1# - ADDED ENTRY--PERSONAL NAME
Personal name Cobb, Charles E.,
856 40 - ELECTRONIC LOCATION AND ACCESS
Uniform Resource Identifier http://site.ebrary.com/lib/rucke/Doc?id=5002270

No items available.

© 2026 Rongo University
Contact us: librarian | system librarian | Rongo university